| 000 | 00738cam a22002413a 4500 | ||
|---|---|---|---|
| 001 | 15915 | ||
| 003 | PGUSA | ||
| 005 | 20140828083336.0 | ||
| 008 | 050527s2005||||xxu|||||s|||||000 | eng d | ||
| 040 |
_aPGUSA _beng |
||
| 042 | _adc | ||
| 050 | 4 | _aML | |
| 100 | 1 |
_aOffenbach, Jacques, _d1819-1880 |
|
| 245 | 1 | 4 |
_aThe Tales of Hoffmann : _bLes contes d'Hoffmann _h[electronic resource] / _cJacques Offenbach |
| 260 |
_bProject Gutenberg, _c2005 |
||
| 506 | _aPublic domain in the USA. | ||
| 516 | _aElectronic text | ||
| 653 | _aHoffmann, E. T. A. (Ernst Theodor Amadeus), 1776-1822 -- Drama | ||
| 653 | _aOperas -- Librettos | ||
| 830 | 0 |
_aProject Gutenberg _v15915 |
|
| 856 | 4 | 0 | _uhttp://www.gutenberg.org/ebooks/15915 |
| 942 | _cEB | ||
| 999 |
_c245170 _d245170 |
||